00606cam a22002291 4500001001300000003000400013005001700017008004100034010001700075035002000092040001800112042001200130050002400142100004200166245003800208260001100246300002300257500001400280504002600294600003900320999001700359sa 66001448 DLC20260227112222.0900209s1965 ii b 000 0 hino  asa 66001448  a(OCoLC)21027814 aDLCcWaUdDLC apremarc00aPK2098.V3bZ75 19651 aKhandelwal, Jai Kishan Prasad,d1932-10aMahādevī kā vedana-bhāva. c[1965] a30, 282 p.c19 cm. aIn Hindi. aBibliography: p. 282.10aVarmā, Mahādevī,d1907-1987. c67819d67819